HUMAN ANATOMY: HEAD, NECK & BRAIN (Record no. 2623)

MARC details
000 -LEADER
fixed length control field 00334nam a2200133Ia 4500
082 ## - DEWEY DECIMAL CLASSIFICATION NUMBER
Classification number 611
Item number H2002H
100 ## - MAIN ENTRY--PERSONAL NAME
Personal name HALIM,A.
245 ## - TITLE STATEMENT
Title HUMAN ANATOMY: HEAD, NECK & BRAIN
250 ## - EDITION STATEMENT
Edition statement 1
260 ## - PUBLICATION, DISTRIBUTION, ETC. (IMPRINT)
Name of publisher, distributor, etc MODERN PUBLISHERS
Place of publication, distribution, etc GULAB BHAWAN BAHADUR SHAH JAFAR MARG (NEW DELHI)
Year of Publication 2002
300 ## - PAGE DESCRIPTION
No. of Pages 1-362
650 ## - SUBJECT ADDED ENTRY--TOPICAL TERM
Topical term or geographic name as entry element ANATOMY
942 ## - ADDED ENTRY ELEMENTS (KOHA)
Source of classification or shelving scheme Dewey Decimal Classification
Koha item type Books
Holdings
Withdrawn status Lost status Source of classification or shelving scheme Damaged status Not for loan Home library Current library Date acquired Vendor Name Cost, normal purchase price Volume Information (Serial or Books or Non-Book Material) SGTU Bill Number Total Checkouts Full call number Accession No. (Barcode) Date last seen Bill Date Koha item type
    Dewey Decimal Classification     SGT Dental Library SGT Dental Library 13/07/2003 U.B.S.DELHI 250.00 3 SGTU 279   611 H2002H FD684 09/02/2015 03/02/2012 Books
    Dewey Decimal Classification     SGT Dental Library SGT Dental Library 13/07/2003 U.B.S.DELHI 250.00 3 SGTU 279   611 H2002H FD685 09/02/2015 03/02/2012 Books